Loading...
| Fine Arts - Other Fine Arts | 0 | 6 | 0 | 2 | 60 | 54 | 121.33 | 0 | 1 |
| Any History | 0 | 5 | 0 | 2 | 50 | 74 | 114.20 | 1 | 1 |
| Fine Arts - Classical Music | 0 | 4 | 1 | 3 | 35 | 132 | 136.50 | 0 | 0 |
| Science - Other Science | 0 | 4 | 1 | 2 | 35 | 112 | 127.50 | 0 | 0 |
| Other Academic | 0 | 3 | 1 | 0 | 25 | 98 | 112.33 | 0 | 0 |
| Social Science | 0 | 1 | 0 | 1 | 10 | 125 | 125.00 | 0 | 0 |
| Literature - World Literature | 0 | 1 | 0 | 1 | 10 | 153 | 153.00 | 0 | 0 |
| Mythology | 0 | 1 | 0 | 0 | 10 | 117 | 117.00 | 0 | 0 |
| Painting & Sculpture | 0 | 2 | 2 | 0 | 10 | 98 | 104.00 | 0 | 0 |
| Religion | 0 | 1 | 0 | 1 | 10 | 134 | 134.00 | 0 | 0 |
| Literature - British Literature | 0 | 1 | 1 | 0 | 5 | 147 | 147.00 | 0 | 0 |
| Science - Physics | 0 | 1 | 1 | 0 | 5 | 112 | 112.00 | 0 | 1 |
| Philosophy | 0 | 1 | 1 | 1 | 5 | 134 | 134.00 | 0 | 0 |
| Geography | 0 | 1 | 1 | 1 | 5 | 140 | 140.00 | 0 | 0 |
| History - World History | 0 | 1 | 1 | 1 | 5 | 135 | 135.00 | 0 | 0 |
| Literature - American Literature | 0 | 0 | 1 | 0 | -5 | 0.00 | 0 | 0 | |
| Science - Biology | 0 | 0 | 1 | 0 | -5 | 0.00 | 0 | 0 | |
| History - American History | 0 | 0 | 2 | 0 | -10 | 0.00 | 0 | 0 |